[Event "Dortmund Sparkassen op-B 47th"]
[Site "Dortmund"]
[Date "2019.07.20"]
[Round "8"]
[White "Skoerys, Fabian"]
[Black "Zieringer, Sebastian"]
[Result "0-1"]
[WhiteElo "1913"]
[BlackElo "1768"]
[PlyCount "125"]
[EventDate "2019.07.13"]
[EventType "swiss"]
[EventRounds "9"]
[EventCountry "GER"]
[SourceTitle "CBM 192 Extra"]
[Source "Chessbase"]
[SourceDate "2019.11.06"]
[SourceVersion "1"]
[SourceVersionDate "2019.11.06"]
[SourceQuality "1"]

1. c4 b6 2. Nc3 Bb7 3. Nf3 f5 4. d4 e6 5. g3 Nf6 6. Bg2 Ne4 7. 0-0 Nxc3 8. bxc3 Be7 9. Rb1 Be4 10. Nd2 Bxg2 11. Kxg2 0-0 12. Nf3 Qe8 13. Bg5 Bxg5 14. Nxg5 Qg6 15. Nh3 Nc6 16. e3 Qf6 17. Nf4 g5 18. Nd3 d6 19. f4 g4 20. Rh1 Kg7 21. h3 h5 22. Qa4 Na5 23. h4 Qe7 24. c5 Qe8 25. Qxe8 Rfxe8 26. Rhe1 Nc4 27. Rb4 Nd2 28. Nf2 e5 29. dxe5 dxe5 30. Rd1 Rad8 31. cxb6 axb6 32. fxe5 Nf3 33. Rxd8 Rxd8 34. e4 Re8 35. exf5 Rxe5 36. Rc4 c5 37. Rf4 Re2 38. a4 Kf6 39. Re4 Rb2 40. Re6+ Kxf5 41. Rh6 Rb1 42. Nd3 Ke4 43. Nf4 Nxh4+ 44. gxh4 Kxf4 45. Rxh5 g3 46. Rg5 Rb2+ 47. Kf1 Kf3 48. Rf5+ Kg4 49. Rg5+ Kh3 50. h5 Kh2 51. h6 Rf2+ 52. Ke1 Rf8 53. Rh5+ Kg1 54. h7 Re8+ 55. Kd2 Rh8 56. Ke2 g2 57. Kd3 Kf2 58. Rf5+ Kg3 59. Rg5+ Kf3 60. Rg7 c4+ 61. Kxc4 Rxh7 62. Rg8 Rh4+ 63. Kd3 0-1

[Event "GER-ch U25-B"]
[Site "Willingen"]
[Date "2019.06.14"]
[Round "8"]
[White "Zieringer, Sebastian"]
[Black "Lauterbach, Kolja"]
[Result "1-0"]
[WhiteElo "1825"]
[BlackElo "1662"]
[PlyCount "49"]
[EventDate "2019.06.08"]
[EventType "swiss"]
[EventRounds "9"]
[EventCountry "GER"]
[SourceTitle "CBM 191 Extra"]
[Source "ChessBase"]
[SourceDate "2019.09.30"]
[SourceVersion "1"]
[SourceVersionDate "2019.09.30"]
[SourceQuality "1"]

1. e4 e5 2. Bc4 Nc6 3. Nf3 Nf6 4. d4 exd4 5. e5 d5 6. Bb5 Ne4 7. Nxd4 Bd7 8. Bxc6 bxc6 9. 0-0 Bc5 10. f3 Ng5 11. f4 Ne4 12. Be3 Bb6 13. c3 0-0 14. Nd2 f5 15. Nxe4 fxe4 16. Qh5 Be8 17. Qg4 c5 18. Ne6 Qd7 19. f5 d4 20. Nxf8 Kxf8 21. e6 Qc6 22. f6 Bg6 23. Bg5 Re8 24. f7 Rxe6 25. Be7+ 1-0

[Event "GER-ch U25-B"]
[Site "Willingen"]
[Date "2019.06.13"]
[Round "7"]
[White "Lange, Malina"]
[Black "Zieringer, Sebastian"]
[Result "0-1"]
[WhiteElo "1562"]
[BlackElo "1825"]
[PlyCount "132"]
[EventDate "2019.06.08"]
[EventType "swiss"]
[EventRounds "9"]
[EventCountry "GER"]
[SourceTitle "CBM 191 Extra"]
[Source "ChessBase"]
[SourceDate "2019.09.30"]
[SourceVersion "1"]
[SourceVersionDate "2019.09.30"]
[SourceQuality "1"]

1. e4 d6 2. d4 Nf6 3. Nc3 Nbd7 4. f4 e5 5. Nf3 exd4 6. Nxd4 Nc5 7. Bb5+ c6 8. Nxc6 bxc6 9. Bxc6+ Bd7 10. Bxa8 Qxa8 11. Nd5 Nxd5 12. exd5 Be7 13. Be3 0-0 14. Qf3 Bf6 15. 0-0-0 Qb7 16. Bd4 Bxd4 17. Rxd4 Rc8 18. f5 Na4 19. Qa3 Rb8 20. Rxa4 Bxa4 21. Qxa4 Qxb2+ 22. Kd2 h6 23. Qxa7 Rb4 24. Qa5 Rc4 25. Rc1 Qd4+ 26. Ke2 Qe4+ 27. Kd2 Qxg2+ 28. Kd3 Qe4+ 29. Kd2 Qxf5 30. Qd8+ Kh7 31. Qxd6 Qf2+ 32. Kd3 Rd4+ 33. Kc3 Qd2+ 34. Kb2 Rb4+ 35. Qxb4 Qxb4+ 36. Ka1 Qd4+ 37. c3 Qxd5 38. c4 Qe5+ 39. Kb1 Qxh2 40. c5 Kg6 41. c6 Qc7 42. a4 Kf6 43. a5 Ke6 44. a6 Kd6 45. Rd1+ Kxc6 46. Rc1+ Kb6 47. Rxc7 Kxc7 48. Kc2 Kb6 49. Kd3 Kxa6 50. Ke4 Kb6 51. Ke5 Kc6 52. Kf5 Kd6 53. Kg4 Ke5 54. Kh5 f5 55. Kh4 f4 56. Kh3 f3 57. Kg3 Ke4 58. Kf2 g5 59. Kf1 Ke3 60. Ke1 f2+ 61. Kf1 g4 62. Kg2 Ke2 63. Kh2 f1Q 64. Kg3 Qf3+ 65. Kh2 g3+ 66. Kg1 Qf1# 0-1

[Event "GER-ch U25-B"]
[Site "Willingen"]
[Date "2018.05.25"]
[Round "8"]
[White "Lessmann, Soenke"]
[Black "Zieringer, Sebastian"]
[Result "1/2-1/2"]
[WhiteElo "1604"]
[BlackElo "1766"]
[PlyCount "66"]
[EventDate "2018.05.19"]
[EventType "swiss"]
[EventRounds "9"]
[EventCountry "GER"]
[SourceTitle "CBM 184 Extra"]
[Source "ChessBase"]
[SourceDate "2018.06.28"]
[SourceVersion "1"]
[SourceVersionDate "2018.06.28"]
[SourceQuality "1"]

1. e4 e5 2. Nf3 Nc6 3. Bc4 Nf6 4. d3 Bc5 5. c3 d6 6. Nbd2 Be6 7. Bb3 Qd7 8. h3 h6 9. 0-0 0-0-0 10. Bxe6 Qxe6 11. b4 Bb6 12. a4 a5 13. Nc4 Nd7 14. b5 Ne7 15. Nxb6+ Nxb6 16. c4 Nd7 17. Be3 b6 18. Qc2 f5 19. d4 f4 20. Bc1 Qf6 21. dxe5 Nxe5 22. Nxe5 Qxe5 23. Bb2 Qh5 24. Rfe1 Ng6 25. Rad1 Ne5 26. Bxe5 Qxe5 27. Rd5 Qe7 28. e5 Rhf8 29. Qe4 Rde8 30. e6 Rf6 31. Rxd6 cxd6 32. Qa8+ Kc7 33. Qa7+ Kc8 1/2-1/2

[Event "GER-ch U25-B"]
[Site "Willingen"]
[Date "2018.05.22"]
[Round "4"]
[White "Schilay, Eva"]
[Black "Zieringer, Sebastian"]
[Result "1-0"]
[WhiteElo "1635"]
[BlackElo "1766"]
[PlyCount "87"]
[EventDate "2018.05.19"]
[EventType "swiss"]
[EventRounds "9"]
[EventCountry "GER"]
[SourceTitle "CBM 184 Extra"]
[Source "ChessBase"]
[SourceDate "2018.06.28"]
[SourceVersion "1"]
[SourceVersionDate "2018.06.28"]
[SourceQuality "1"]

1. Nc3 Nf6 2. e4 e5 3. Bc4 Nxe4 4. Qh5 Nd6 5. Qxe5+ Qe7 6. Qxe7+ Bxe7 7. Bb3 Nf5 8. Nf3 Nc6 9. Nb5 Bd8 10. c3 0-0 11. 0-0 a6 12. Na3 d6 13. d4 Bf6 14. Bf4 Re8 15. Rfe1 Bd7 16. Bg5 Be7 17. g4 h6 18. Bxe7 Nfxe7 19. h3 Ng6 20. Kh2 Nf4 21. Bc2 h5 22. Kg3 Ne2+ 23. Kh4 hxg4 24. hxg4 g5+ 25. Nxg5 Kg7 26. Kh3 Rh8+ 27. Kg2 f6 28. Rxe2 fxg5 29. f3 Rh4 30. Rh1 Rah8 31. Rxh4 gxh4 32. Nc4 Kf6 33. Ne3 Nd8 34. Nd5+ Kg5 35. Nxc7 h3+ 36. Kg3 Ne6 37. Nxe6+ Bxe6 38. Rh2 Bd5 39. f4+ Kf6 40. Rxh3 Re8 41. g5+ Ke7 42. Bg6 Rg8 43. Rh7+ Kd8 44. Bf7 1-0

[Event "Landesliga U20 Sued 1617"]
[Site "Bayern"]
[Date "2017.03.11"]
[Round "7.4"]
[White "Zieringer, Sebastian"]
[Black "Hermansdorfer, Alexander"]
[Result "1-0"]
[WhiteElo "1696"]
[BlackElo "1123"]
[PlyCount "41"]
[EventDate "2016.11.12"]
[EventType "team-tourn"]
[EventRounds "7"]
[EventCountry "GER"]
[SourceTitle "EXT 2022"]
[Source "ChessBase"]
[SourceDate "2021.10.06"]
[SourceVersion "1"]
[SourceVersionDate "2021.10.06"]
[SourceQuality "1"]
[WhiteTeam "Graefelfing SK U20"]
[BlackTeam "Moosburg SC U20"]
[WhiteTeamCountry "GER"]
[BlackTeamCountry "GER"]

1. e4 e5 2. f4 d6 3. Nf3 Nf6 4. Nc3 Nc6 5. Bb5 Bg4 6. h3 Bh5 7. g4 Bxg4 8. hxg4 Nxg4 9. Nxe5 Ngxe5 10. fxe5 dxe5 11. Bxc6+ bxc6 12. d3 Bc5 13. Na4 Bb6 14. Nxb6 cxb6 15. Be3 0-0 16. Qh5 h6 17. Bxh6 g6 18. Qh3 Re8 19. Be3 f6 20. Qh7+ Kf8 21. Bh6# 1-0